| 000 | 00000nam##2200000za#4500 |
| 001 | 9.580231 |
| 003 | CaOODSP |
| 005 | 20210624190935 |
| 007 | cr ||||||||||| |
| 008 | 150406|2014||||xxc|||||o f|0| 0 eng|d |
| 020 | |a978-1-100-24769-4 |
| 040 | |aCaOODSP|beng |
| 043 | |an-cn--- |
| 086 | 1 |aIu172-1/2014-3E-PDF |
| 110 | 1 |aCanada. |bIndustry Canada. |
| 245 | 10|aIndustry structure change and the post-2000 economic growth slowdown : |h[electronic resource]|ba Canada-U.S. comparison / |c[by] Michael-John Almon; Jianmin Tang. |
| 260 | |aOttawa - Ontario : |bIndustry Canada |cc2014. |
| 300 | |a37p.|breferences, tables |
| 490 | 1 |aEconomic Research and Policy Analysis Branch working paper series|v2014-03 |
| 590 | |a15-11|b2015-03-13 |
| 775 | 08|tÉvolution de la structure industrielle et ralentissement de la croissance économique après l'an 2000 : |w(CaOODSP)9.607282 |
| 830 | #0|aEconomic Research and Policy Analysis Branch working paper series ;|v2014-03|w(CaOODSP)9.507626 |
| 856 | 40|ahttp://publications.gc.ca|qPDF|s2205 KB|uhttps://publications.gc.ca/collections/collection_2015/ic/Iu172-1-2014-3-eng.pdf|y2014-03 |